Statistics for Zurich: All Railway stations in the City

Click here to take the quiz!

General Stats

  • This quiz has been taken 238 times
  • The average score is 5 of 13

Answer Stats

No. PassengersAnswer% Correct
466800Hauptbahnhof
99%
85700Oerlikon
77%
83300Stadelhofen
70%
56000Hardbrücke
54%
42900Altstetten
49%
18600Enge
39%
12400Wiedikon
31%
25100Stettbach
23%
5000Tiefenbrunnen
16%
2400Wipkingen
13%
3500Wollishofen
11%
4200Affoltern
8%
1600Seebach
8%

Score Distribution

Percentile by Number Answered

Percent of People with Each Score

Your Score History

You have not taken this quiz